| 000 | 00607nam a22002172 4500 | ||
|---|---|---|---|
| 001 | 0000002621 | ||
| 005 | 20151217151900.0 | ||
| 008 | 070417s xx 000 0 eng d | ||
| 020 |
_a0618273875 : _cKES 500 |
||
| 040 |
_aKABU _cKABU |
||
| 050 | 0 |
_aPE1413 _b.F39 2004 |
|
| 100 | 1 |
_aFawcett, Susan. _@0000152054 |
|
| 245 | 1 | 0 |
_aEvergreen : _ba guide to writing with readings. |
| 250 | _a7th ed. | ||
| 260 |
_aBoston : _bHoughton, _c2004. |
||
| 300 | _ali, 557 p. | ||
| 650 | 0 |
_aReport writing. _@0000152055 |
|
| 908 | _a070417 | ||
| 950 | _@1 | ||
| 999 |
_c5944 _d5944 |
||